[Event "Copenhagen Chess Challenge 2"]
[Site "?"]
[Date "2015.05.03"]
[Round "9.1"]
[White "Bekker-Jensen,2261, FM David"]
[Black "Pedersen,2146, Nicolai Kvist Brondt"]
[Result "0-1"]
[BlackElo "2146"]
[WhiteElo "2261"]
[LiveChessVersion "1.4.6"]

1. d4 {[%clk 1:30:57]} Nf6 {[%clk 1:29:40]} 2. c4 {[%clk 1:31:19]} c5
{[%clk 1:30:04]} 3. d5 {[%clk 1:31:41]} b5 {[%clk 1:30:31]} 4. cxb5
{[%clk 1:32:00]} a6 {[%clk 1:30:54]} 5. bxa6 {[%clk 1:32:23]} g6 {[%clk 1:31:07]}
6. Nc3 {[%clk 1:32:31]} Bg7 {[%clk 1:31:33]} 7. Nf3 {[%clk 1:25:17]} O-O
{[%clk 1:28:13]} 8. g3 {[%clk 1:19:23]} d6 {[%clk 1:27:29]} 9. Bg2
{[%clk 1:19:45]} Nbd7 {[%clk 1:27:26]} 10. h3 {[%clk 1:20:03]} Nb6
{[%clk 1:21:52]} 11. O-O {[%clk 1:16:18]} Bxa6 {[%clk 1:19:57]} 12. a4
{[%clk 1:05:07]} Ra7 {[%clk 1:12:27]} 13. Re1 {[%clk 0:57:55]} Nfd7
{[%clk 1:05:44]} 14. Bf4 {[%clk 0:51:49]} Qa8 {[%clk 0:58:47]} 15. Qc2
{[%clk 0:40:12]} Rb8 {[%clk 0:46:30]} 16. b3 {[%clk 0:39:34]} Bxc3
{[%clk 0:42:13]} 17. Qxc3 {[%clk 0:39:47]} Nxd5 {[%clk 0:41:56]} 18. Qd2
{[%clk 0:38:02]} Nxf4 {[%clk 0:40:17]} 19. Qxf4 {[%clk 0:38:21]} Bb7
{[%clk 0:39:36]} 20. e4 {[%clk 0:38:29]} Bc6 {[%clk 0:36:43]} 21. Bf1
{[%clk 0:34:51]} Kg7 {[%clk 0:27:25]} 22. Bc4 {[%clk 0:33:49]} f6
{[%clk 0:24:55]} 23. h4 {[%clk 0:27:34]} Nb6 {[%clk 0:20:04]} 24. Bd3
{[%clk 0:23:31]} Qb7 {[%clk 0:19:14]} 25. Nd2 {[%clk 0:16:07]} Nd7
{[%clk 0:18:23]} 26. Qe3 {[%clk 0:14:57]} Ne5 {[%clk 0:17:35]} 27. Be2
{[%clk 0:15:02]} Qb4 {[%clk 0:16:54]} 28. f4 {[%clk 0:15:14]} Nf7
{[%clk 0:16:31]} 29. Bc4 {[%clk 0:15:09]} Rd8 {[%clk 0:15:26]} 30. Bd5
{[%clk 0:13:24]} Bd7 {[%clk 0:15:09]} 31. Kg2 {[%clk 0:11:39]} e6
{[%clk 0:12:50]} 32. Bc4 {[%clk 0:12:04]} d5 {[%clk 0:12:12]} 33. exd5
{[%clk 0:09:51]} exd5 {[%clk 0:12:03]} 34. Bxd5 {[%clk 0:08:48]} Bc8
{[%clk 0:11:24]} 35. Qd3 {[%clk 0:04:59]} Rxd5 {[%clk 0:11:18]} 0-1

[Event "Copenhagen Chess Challenge 2"]
[Site "?"]
[Date "2015.05.03"]
[Round "9.2"]
[White "Nielsen,2197, Thomas Bach"]
[Black "Sørensen,2049, Per Settergren"]
[Result "1-0"]
[BlackElo "2049"]
[WhiteElo "2197"]
[LiveChessVersion "1.4.6"]

1. d4 {[%clk 1:30:58]} Nf6 {[%clk 1:30:54]} 2. c4 {[%clk 1:31:25]} e6
{[%clk 1:31:20]} 3. Nc3 {[%clk 1:31:51]} d5 {[%clk 1:31:46]} 4. cxd5
{[%clk 1:32:13]} exd5 {[%clk 1:32:10]} 5. Bg5 {[%clk 1:32:37]} c6
{[%clk 1:32:37]} 6. e3 {[%clk 1:32:51]} Be7 {[%clk 1:31:18]} 7. Bd3
{[%clk 1:32:01]} Nbd7 {[%clk 1:29:32]} 8. Nge2 {[%clk 1:32:25]} Nf8
{[%clk 1:29:10]} 9. Qc2 {[%clk 1:29:02]} Ne6 {[%clk 1:27:40]} 10. Bh4
{[%clk 1:27:54]} g6 {[%clk 1:25:16]} 11. O-O {[%clk 1:25:43]} O-O
{[%clk 1:22:27]} 12. f3 {[%clk 1:13:21]} Re8 {[%clk 1:18:32]} 13. Rad1
{[%clk 1:09:24]} Nh5 {[%clk 1:15:32]} 14. Bxe7 {[%clk 1:07:50]} Rxe7
{[%clk 1:15:06]} 15. b4 {[%clk 1:07:11]} a6 {[%clk 1:13:45]} 16. a4
{[%clk 1:07:31]} f5 {[%clk 1:10:38]} 17. b5 {[%clk 0:58:07]} cxb5
{[%clk 1:07:31]} 18. axb5 {[%clk 0:58:22]} a5 {[%clk 1:07:51]} 19. Qb3
{[%clk 0:56:06]} Nf6 {[%clk 1:04:23]} 20. e4 {[%clk 0:55:45]} fxe4
{[%clk 1:00:12]} 21. fxe4 {[%clk 0:56:00]} dxe4 {[%clk 0:51:42]} 22. Nxe4
{[%clk 0:54:20]} Nxe4 {[%clk 0:50:11]} 23. Bxe4 {[%clk 0:54:32]} a4
{[%clk 0:46:02]} 24. Qg3 {[%clk 0:47:19]} Ng7 {[%clk 0:40:03]} 25. Nc3
{[%clk 0:44:15]} Be6 {[%clk 0:31:38]} 26. d5 {[%clk 0:42:50]} Bf7
{[%clk 0:25:13]} 27. d6 {[%clk 0:41:37]} Qb6+ {[%clk 0:22:50]} 28. Kh1
{[%clk 0:37:48]} Rd7 {[%clk 0:21:15]} 29. Rxf7 {[%clk 0:31:57]} Rxf7
{[%clk 0:17:35]} 30. Bd5 {[%clk 0:30:30]} Nf5 {[%clk 0:15:59]} 31. Bxf7+
{[%clk 0:30:29]} Kxf7 {[%clk 0:16:13]} 32. Qf3 {[%clk 0:30:14]} Kg7
{[%clk 0:12:56]} 33. Qd5 {[%clk 0:19:35]} Qe3 {[%clk 0:05:07]} 34. Qxb7+
{[%clk 0:17:27]} Kh6 {[%clk 0:05:02]} 35. Qxa8 {[%clk 0:17:35]} Qxc3
{[%clk 0:04:03]} 36. Qf8+ {[%clk 0:15:59]} Kg5 {[%clk 0:03:50]} 37. d7
{[%clk 0:16:07]} 1-0

[Event "Copenhagen Chess Challenge 2"]
[Site "?"]
[Date "2015.05.03"]
[Round "9.3"]
[White "Haug,2309, FM Johannes"]
[Black "Rishovd,2033, Svein"]
[Result "1/2-1/2"]
[BlackElo "2033"]
[WhiteElo "2309"]
[LiveChessVersion "1.4.6"]

1. e4 {[%clk 1:30:19]} e6 {[%clk 1:30:54]} 2. d4 {[%clk 1:30:05]} d5
{[%clk 1:30:06]} 3. e5 {[%clk 1:30:30]} c5 {[%clk 1:30:25]} 4. c3
{[%clk 1:30:59]} Bd7 {[%clk 1:30:49]} 5. Nf3 {[%clk 1:31:13]} a6 {[%clk 1:31:10]}
6. Be3 {[%clk 1:29:44]} cxd4 {[%clk 1:30:39]} 7. Nxd4 {[%clk 1:28:31]} Ne7
{[%clk 1:29:33]} 8. Bd3 {[%clk 1:20:46]} Nbc6 {[%clk 1:29:29]} 9. f4 Nxd4
{[%clk 1:28:18]} 10. Bxd4 {[%clk 1:20:44]} Nc6 {[%clk 1:23:37]} 11. Be3
{[%clk 1:20:26]} d4 {[%clk 1:08:55]} 12. cxd4 {[%clk 1:18:23]} Nb4
{[%clk 1:08:42]} 13. Be4 {[%clk 1:17:01]} Nd5 {[%clk 1:07:29]} 14. Bxd5
{[%clk 1:15:07]} exd5 {[%clk 1:07:29]} 15. O-O {[%clk 1:14:21]} g6
{[%clk 1:03:33]} 16. Nc3 {[%clk 1:13:26]} Be6 {[%clk 1:03:09]} 17. Qb3
{[%clk 0:59:17]} b5 {[%clk 1:02:24]} 18. Rac1 {[%clk 0:51:47]} Qd7
{[%clk 1:01:12]} 19. Kh1 {[%clk 0:45:14]} Be7 {[%clk 1:00:10]} 20. Bf2
{[%clk 0:39:34]} h5 {[%clk 0:58:27]} 21. Nd1 {[%clk 0:34:56]} Kf8
{[%clk 0:56:55]} 22. Ne3 {[%clk 0:33:59]} Kg7 {[%clk 0:56:44]} 23. Rc2
{[%clk 0:29:16]} Rac8 {[%clk 0:54:52]} 24. Be1 {[%clk 0:17:08]} Rxc2
{[%clk 0:46:09]} 25. Qxc2 {[%clk 0:15:04]} Rc8 {[%clk 0:45:53]} 26. Qd1
{[%clk 0:12:05]} Bf5 {[%clk 0:36:25]} 27. Qb3 {[%clk 0:09:31]} Be4
{[%clk 0:36:38]} 28. Kg1 {[%clk 0:09:05]} Rc1 {[%clk 0:26:50]} 29. Bb4
{[%clk 0:06:52]} Rxf1+ {[%clk 0:25:24]} 30. Kxf1 {[%clk 0:06:59]} Bd8
{[%clk 0:25:36]} 31. Qc3 {[%clk 0:05:46]} g5 {[%clk 0:24:01]} 32. fxg5
{[%clk 0:04:25]} Bxg5 {[%clk 0:24:13]} 33. Qe1 {[%clk 0:03:16]} Bxe3
{[%clk 0:20:27]} 34. Qxe3 {[%clk 0:03:44]} Qf5+ {[%clk 0:19:56]} 35. Kg1
{[%clk 0:04:03]} Qg4 {[%clk 0:18:35]} 36. Qd2 {[%clk 0:04:13]} Kh7
{[%clk 0:16:03]} 37. Bc5 {[%clk 0:03:04]} Kg6 {[%clk 0:12:21]} 38. Bf8
{[%clk 0:03:06]} Qg5 {[%clk 0:12:21]} 39. Qxg5+ {[%clk 0:02:23]} Kxg5
{[%clk 0:12:49]} 40. Kf2 {[%clk 0:02:52]} Bb1 {[%clk 0:12:29]} 41. a3
{[%clk 0:03:21]} Kf5 {[%clk 0:12:43]} 42. b4 {[%clk 0:03:07]} Ke4
{[%clk 0:12:54]} 43. Bc5 {[%clk 0:03:28]} Kf5 {[%clk 0:12:36]} 44. h3
{[%clk 0:03:46]} Be4 {[%clk 0:12:47]} 45. g3 {[%clk 0:04:09]} Bc2
{[%clk 0:12:35]} 46. Ke3 {[%clk 0:04:20]} Bb1 {[%clk 0:12:53]} 47. Kd2 1/2-1/2

[Event "Copenhagen Chess Challenge 2"]
[Site "?"]
[Date "2015.05.03"]
[Round "9.4"]
[White "Jacobsen,2188, Mikkel Manosri"]
[Black "Lien,2054, Kjell Håkon"]
[Result "0-1"]
[BlackElo "2054"]
[WhiteElo "2188"]
[LiveChessVersion "1.4.6"]

1. d4 {[%clk 1:30:56]} f5 {[%clk 1:30:06]} 2. Nc3 {[%clk 1:31:19]} d5
{[%clk 1:29:53]} 3. f3 {[%clk 1:30:50]} Nf6 {[%clk 1:27:58]} 4. Bg5
{[%clk 1:31:12]} Nbd7 {[%clk 1:27:57]} 5. Qd3 {[%clk 1:27:43]} e6
{[%clk 1:26:00]} 6. e4 {[%clk 1:26:26]} fxe4 {[%clk 1:19:33]} 7. fxe4
{[%clk 1:26:49]} Be7 {[%clk 1:18:23]} 8. e5 {[%clk 1:09:41]} Ng4 {[%clk 1:06:29]}
9. Qh3 {[%clk 1:03:14]} h5 {[%clk 1:01:39]} 10. Bxe7 {[%clk 0:53:29]} Qxe7
{[%clk 1:01:39]} 11. Be2 {[%clk 0:53:54]} Rh6 {[%clk 0:54:09]} 12. Bxg4
{[%clk 0:51:31]} hxg4 {[%clk 0:54:35]} 13. Qxg4 {[%clk 0:51:54]} Nb6
{[%clk 0:55:02]} 14. Nf3 {[%clk 0:51:30]} Nc4 {[%clk 0:53:14]} 15. Nd1
{[%clk 0:39:29]} Nxb2 {[%clk 0:48:36]} 16. O-O {[%clk 0:39:51]} Nxd1
{[%clk 0:47:41]} 17. Raxd1 {[%clk 0:40:19]} Bd7 {[%clk 0:47:56]} 18. Ng5
{[%clk 0:36:46]} Rg6 {[%clk 0:46:37]} 19. h4 {[%clk 0:37:10]} O-O-O
{[%clk 0:46:47]} 20. Rf3 {[%clk 0:36:31]} Rh8 {[%clk 0:40:32]} 21. Rb1
{[%clk 0:31:26]} b6 {[%clk 0:37:26]} 22. Rc3 {[%clk 0:24:49]} Kb7
{[%clk 0:35:24]} 23. g3 {[%clk 0:24:06]} Be8 {[%clk 0:34:33]} 24. Qf3
{[%clk 0:20:06]} Rxg5 {[%clk 0:34:38]} 25. hxg5 {[%clk 0:20:16]} Bg6
{[%clk 0:35:05]} 26. Qf4 {[%clk 0:16:49]} Be4 {[%clk 0:34:04]} 27. Rb2
{[%clk 0:16:28]} Rf8 {[%clk 0:33:54]} 28. Qd2 {[%clk 0:14:23]} Qf7
{[%clk 0:33:51]} 29. Rb1 {[%clk 0:14:28]} Rh8 {[%clk 0:34:00]} 0-1

[Event "Copenhagen Chess Challenge 2"]
[Site "?"]
[Date "2015.05.03"]
[Round "9.5"]
[White "Karlsson,2022, Ulf"]
[Black "Akdag,2184, Dara Sevkan"]
[Result "0-1"]
[BlackElo "2184"]
[WhiteElo "2022"]
[LiveChessVersion "1.4.6"]

1. e4 {[%clk 1:30:57]} c5 {[%clk 1:29:41]} 2. Nc3 {[%clk 1:31:17]} a6
{[%clk 1:30:01]} 3. g3 {[%clk 1:31:34]} b5 {[%clk 1:30:23]} 4. Bg2
{[%clk 1:31:56]} Bb7 {[%clk 1:30:49]} 5. d3 {[%clk 1:30:50]} e6 {[%clk 1:31:13]}
6. f4 {[%clk 1:31:15]} d5 {[%clk 1:25:04]} 7. exd5 {[%clk 1:31:33]} b4
{[%clk 1:22:15]} 8. Nf3 {[%clk 1:31:21]} bxc3 {[%clk 1:19:41]} 9. dxe6
{[%clk 1:31:32]} fxe6 {[%clk 1:12:16]} 10. bxc3 {[%clk 1:31:52]} Bd6
{[%clk 1:01:17]} 11. Rb1 {[%clk 1:29:25]} Ra7 {[%clk 1:00:43]} 12. O-O
{[%clk 1:29:41]} Bxf3 {[%clk 0:54:56]} 13. Qxf3 {[%clk 1:29:02]} Nf6
{[%clk 0:54:34]} 14. Re1 {[%clk 1:28:39]} Re7 {[%clk 0:54:03]} 15. Bh3
{[%clk 1:20:38]} O-O {[%clk 0:43:35]} 16. Bxe6+ {[%clk 1:19:14]} Kh8
{[%clk 0:43:42]} 17. g4 {[%clk 1:19:01]} Qa5 {[%clk 0:39:24]} 18. f5
{[%clk 1:11:54]} Qxc3 {[%clk 0:34:49]} 19. Re2 {[%clk 1:10:29]} Qd4+
{[%clk 0:34:50]} 20. Kh1 {[%clk 1:05:16]} Qxg4 {[%clk 0:33:47]} 21. Qf1
{[%clk 1:01:13]} Qh5 {[%clk 0:29:16]} 22. Qg2 {[%clk 0:59:38]} Nc6
{[%clk 0:28:05]} 23. Bg5 {[%clk 0:59:05]} Nd4 {[%clk 0:23:21]} 24. Re3
{[%clk 0:52:51]} Nxe6 {[%clk 0:15:54]} 25. fxe6 {[%clk 0:50:37]} h6
{[%clk 0:15:31]} 26. Bxf6 {[%clk 0:50:41]} Rxf6 {[%clk 0:15:26]} 27. Rg1
{[%clk 0:50:47]} Kh7 {[%clk 0:15:01]} 28. Rge1 {[%clk 0:39:25]} Rg6
{[%clk 0:15:08]} 29. Qf2 {[%clk 0:39:25]} Qd5+ {[%clk 0:15:24]} 0-1

[Event "Copenhagen Chess Challenge 2"]
[Site "?"]
[Date "2015.05.03"]
[Round "9.6"]
[White "Andersen,2045, Kim Nyvang"]
[Black "Andersen,2123, Søren Mikkel"]
[Result "0-1"]
[BlackElo "2123"]
[WhiteElo "2045"]
[LiveChessVersion "1.4.6"]

1. d4 {[%clk 1:30:58]} d5 {[%clk 1:30:54]} 2. c4 {[%clk 1:31:14]} c6
{[%clk 1:31:19]} 3. Nf3 {[%clk 1:31:36]} Nf6 {[%clk 1:29:18]} 4. Nc3
{[%clk 1:32:01]} e6 {[%clk 1:29:43]} 5. Bg5 {[%clk 1:32:27]} dxc4
{[%clk 1:30:05]} 6. e4 {[%clk 1:31:59]} b5 {[%clk 1:30:26]} 7. e5
{[%clk 1:32:08]} h6 {[%clk 1:30:48]} 8. Bh4 {[%clk 1:32:13]} g5 {[%clk 1:31:04]}
9. Nxg5 {[%clk 1:32:35]} hxg5 {[%clk 1:31:25]} 10. Bxg5 {[%clk 1:32:59]} Nbd7
{[%clk 1:31:43]} 11. exf6 {[%clk 1:32:34]} Bb7 {[%clk 1:31:57]} 12. g3
{[%clk 1:32:48]} c5 {[%clk 1:31:56]} 13. d5 {[%clk 1:33:08]} Qb6 {[%clk 1:32:15]}
14. Bg2 {[%clk 1:32:48]} O-O-O {[%clk 1:32:25]} 15. O-O {[%clk 1:32:09]} b4
{[%clk 1:32:30]} 16. Na4 {[%clk 1:31:53]} Qb5 {[%clk 1:32:41]} 17. a3
{[%clk 1:26:16]} exd5 {[%clk 1:31:48]} 18. axb4 {[%clk 1:24:42]} d4
{[%clk 1:31:28]} 19. Nxc5 {[%clk 1:21:54]} Nxc5 {[%clk 1:23:42]} 20. bxc5
{[%clk 1:22:11]} Bxc5 {[%clk 1:20:12]} 21. Qg4+ {[%clk 1:22:12]} Rd7
{[%clk 1:17:44]} 22. Rfe1 {[%clk 1:19:34]} d3 {[%clk 1:10:24]} 23. Bxb7+
{[%clk 1:08:21]} Kxb7 {[%clk 1:06:22]} 24. Qf3+ {[%clk 1:08:41]} Kb6
{[%clk 1:01:51]} 25. Bd2 {[%clk 1:03:57]} Rc8 {[%clk 0:51:56]} 26. Ba5+
{[%clk 0:56:28]} Qxa5 {[%clk 0:51:48]} 27. Rxa5 {[%clk 0:56:52]} Kxa5
{[%clk 0:51:16]} 28. Ra1+ {[%clk 0:56:42]} Kb6 {[%clk 0:48:45]} 29. h4
{[%clk 0:52:16]} d2 {[%clk 0:47:26]} 30. h5 {[%clk 0:47:52]} Re8 {[%clk 0:44:11]}
31. Kg2 {[%clk 0:48:09]} Rd3 {[%clk 0:33:09]} 32. Qg4 {[%clk 0:47:13]} Re1
{[%clk 0:30:57]} 33. Rd1 {[%clk 0:46:42]} Rxd1 {[%clk 0:30:28]} 34. Qxd1
{[%clk 0:47:05]} Bd4 {[%clk 0:30:50]} 35. f4 {[%clk 0:43:43]} Kc5
{[%clk 0:29:50]} 36. g4 {[%clk 0:43:34]} Bxf6 {[%clk 0:28:45]} 37. g5
{[%clk 0:43:57]} Bxb2 {[%clk 0:28:29]} 38. g6 {[%clk 0:44:12]} fxg6
{[%clk 0:28:20]} 39. hxg6 {[%clk 0:44:32]} Bd4 {[%clk 0:26:48]} 40. f5
{[%clk 0:42:22]} c3 {[%clk 0:26:52]} 41. f6 {[%clk 0:39:16]} Bxf6
{[%clk 0:27:00]} 0-1

[Event "Copenhagen Chess Challenge 2"]
[Site "?"]
[Date "2015.05.03"]
[Round "9.7"]
[White "Fossan,1873, Andreas"]
[Black "Risting,2107, Eivind Olav"]
[Result "0-1"]
[BlackElo "2107"]
[WhiteElo "1873"]
[LiveChessVersion "1.4.6"]

1. d4 {[%clk 1:30:04]} Nf6 {[%clk 1:30:47]} 2. c4 {[%clk 1:30:27]} c5
{[%clk 1:30:48]} 3. d5 {[%clk 1:30:51]} b5 {[%clk 1:31:13]} 4. cxb5
{[%clk 1:31:14]} a6 {[%clk 1:31:40]} 5. f3 {[%clk 1:31:28]} e6 {[%clk 1:31:51]}
6. e4 {[%clk 1:31:43]} exd5 {[%clk 1:32:16]} 7. e5 {[%clk 1:31:37]} Qe7
{[%clk 1:32:41]} 8. Qe2 {[%clk 1:31:58]} Ng8 {[%clk 1:33:07]} 9. Nc3
{[%clk 1:31:37]} Bb7 {[%clk 1:33:13]} 10. Nh3 {[%clk 1:30:49]} c4
{[%clk 1:32:01]} 11. Nf4 {[%clk 1:29:57]} Qc5 {[%clk 1:28:11]} 12. Nfxd5
{[%clk 1:28:36]} Bxd5 {[%clk 1:27:44]} 13. Be3 {[%clk 1:28:37]} Qb4
{[%clk 1:26:38]} 14. a3 {[%clk 1:28:12]} Qa5 {[%clk 1:25:26]} 15. Bd2
{[%clk 1:27:46]} Be6 {[%clk 1:23:40]} 16. Nd5 {[%clk 1:27:29]} Qd8
{[%clk 1:23:42]} 17. Qxc4 {[%clk 1:27:21]} f5 {[%clk 1:02:11]} 18. exf6
{[%clk 1:07:51]} Nxf6 {[%clk 1:01:38]} 19. Nxf6+ {[%clk 1:06:10]} Qxf6
{[%clk 0:56:47]} 20. Qc8+ {[%clk 1:00:21]} Kf7 {[%clk 0:55:30]} 21. Bc3
{[%clk 0:40:18]} Bb4 {[%clk 0:53:31]} 22. axb4 {[%clk 0:37:03]} Rxc8
{[%clk 0:53:17]} 23. Bxf6 {[%clk 0:37:18]} Kxf6 24. bxa6 {[%clk 0:36:13]} Nxa6
{[%clk 0:50:03]} 25. Bxa6 {[%clk 0:28:35]} Rxa6 {[%clk 0:43:13]} 26. Rxa6
{[%clk 0:27:58]} Rc1+ {[%clk 0:43:39]} 27. Kd2 {[%clk 0:28:15]} Rxh1
{[%clk 0:44:05]} 28. b5 {[%clk 0:24:10]} Rxh2 {[%clk 0:43:47]} 29. b6
{[%clk 0:24:08]} Rh5 {[%clk 0:43:51]} 30. b4 {[%clk 0:23:32]} Rb5
{[%clk 0:42:35]} 31. Kc3 {[%clk 0:23:39]} Ke7 {[%clk 0:42:13]} 32. g3
{[%clk 0:23:00]} Kd6 {[%clk 0:42:01]} 33. b7+ {[%clk 0:21:32]} Kc7
{[%clk 0:42:20]} 34. Ra8 {[%clk 0:21:12]} Kxb7 {[%clk 0:41:43]} 35. Rh8
{[%clk 0:21:31]} h5 {[%clk 0:40:37]} 36. Rh7 {[%clk 0:21:24]} Rg5
{[%clk 0:40:54]} 0-1

[Event "Copenhagen Chess Challenge 2"]
[Site "?"]
[Date "2015.05.03"]
[Round "9.8"]
[White "Pallesen,2059, Jacob"]
[Black "Kistrup,1942, Nicolai"]
[Result "1/2-1/2"]
[BlackElo "1942"]
[WhiteElo "2059"]
[LiveChessVersion "1.4.6"]

1. g3 {[%clk 1:30:57]} Nf6 {[%clk 1:30:27]} 2. Bg2 {[%clk 1:31:19]} g6
{[%clk 1:30:48]} 3. d3 {[%clk 1:31:23]} Bg7 {[%clk 1:29:25]} 4. f4
{[%clk 1:30:30]} c5 {[%clk 1:24:04]} 5. Nf3 {[%clk 1:30:28]} d6 {[%clk 1:22:51]}
6. Nc3 {[%clk 1:27:39]} Nc6 {[%clk 1:19:39]} 7. e4 {[%clk 1:27:35]} Rb8
{[%clk 1:15:53]} 8. h3 {[%clk 1:25:34]} O-O {[%clk 1:10:36]} 9. Be3
{[%clk 1:24:07]} Nd7 {[%clk 1:07:11]} 10. Qd2 {[%clk 1:21:59]} b5
{[%clk 1:02:53]} 11. f5 {[%clk 1:17:07]} b4 {[%clk 0:54:34]} 12. Nd1
{[%clk 1:16:46]} Nde5 {[%clk 0:52:30]} 13. Bh6 {[%clk 1:10:56]} Nxf3+
{[%clk 0:49:51]} 14. Bxf3 {[%clk 1:10:52]} Nd4 {[%clk 0:48:10]} 15. O-O
{[%clk 1:05:59]} Bxh6 {[%clk 0:36:49]} 16. Qxh6 {[%clk 1:06:18]} Nxc2
{[%clk 0:36:31]} 17. Rc1 {[%clk 1:04:52]} Nd4 {[%clk 0:36:46]} 18. Ne3
{[%clk 1:02:12]} Kh8 {[%clk 0:29:42]} 19. fxg6 {[%clk 0:57:04]} fxg6
{[%clk 0:29:20]} 20. Bh5 {[%clk 0:57:15]} Be6 {[%clk 0:24:05]} 21. Bxg6
{[%clk 0:55:01]} Rxf1+ {[%clk 0:24:01]} 22. Rxf1 {[%clk 0:54:46]} Qg8
{[%clk 0:24:14]} 23. Bf5 {[%clk 0:50:08]} Qxg3+ {[%clk 0:20:34]} 24. Kh1
{[%clk 0:50:14]} Bxf5 {[%clk 0:19:49]} 25. exf5 {[%clk 0:47:18]} Qg7
{[%clk 0:09:16]} 26. Qh4 {[%clk 0:42:26]} Rf8 {[%clk 0:08:19]} 27. Rf4
{[%clk 0:35:12]} Qf6 {[%clk 0:03:27]} 28. Qh5 {[%clk 0:34:31]} Qf7
{[%clk 0:03:29]} 29. Qh6 {[%clk 0:33:31]} Rg8 {[%clk 0:03:03]} 30. f6
{[%clk 0:30:45]} e5 {[%clk 0:01:59]} 31. Rg4 {[%clk 0:27:11]} Rxg4
{[%clk 0:01:23]} 32. hxg4 {[%clk 0:25:34]} Kg8 {[%clk 0:01:07]} 1/2-1/2

[Event "Copenhagen Chess Challenge 2"]
[Site "?"]
[Date "2015.05.03"]
[Round "9.10"]
[White "Stuhr,1947, Peter Sebastian"]
[Black "Vesterli,2118, Michael E."]
[Result "1-0"]
[BlackElo "2118"]
[WhiteElo "1947"]
[LiveChessVersion "1.4.6"]

1. e4 {[%clk 1:29:14]} c5 {[%clk 1:30:48]} 2. Nc3 {[%clk 1:29:39]} Nc6
{[%clk 1:31:07]} 3. f4 {[%clk 1:30:05]} g6 {[%clk 1:31:10]} 4. Nf3
{[%clk 1:30:30]} Bg7 {[%clk 1:31:34]} 5. Bb5 {[%clk 1:29:07]} e6 {[%clk 1:31:11]}
6. e5 {[%clk 1:28:42]} d5 {[%clk 1:30:18]} 7. Bxc6+ {[%clk 1:28:58]} bxc6
{[%clk 1:30:42]} 8. b3 {[%clk 1:29:22]} Ba6 {[%clk 1:29:51]} 9. d3
{[%clk 1:29:35]} Ne7 {[%clk 1:29:27]} 10. O-O {[%clk 1:27:30]} Rb8
{[%clk 1:28:48]} 11. Na4 {[%clk 1:27:07]} Qa5 {[%clk 1:27:56]} 12. Bd2
{[%clk 1:26:07]} Qb5 {[%clk 1:26:58]} 13. c4 {[%clk 1:18:49]} dxc4
{[%clk 1:22:58]} 14. dxc4 {[%clk 1:18:57]} Qb7 {[%clk 1:23:24]} 15. Nxc5
{[%clk 1:18:01]} Qc7 {[%clk 1:23:28]} 16. Be3 {[%clk 1:17:35]} Bc8
{[%clk 1:23:17]} 17. Ng5 {[%clk 1:10:10]} O-O {[%clk 1:23:26]} 18. Nce4
{[%clk 1:04:01]} h6 {[%clk 1:23:39]} 19. Nf3 {[%clk 0:57:57]} Nf5
{[%clk 1:21:27]} 20. Bc5 {[%clk 0:57:37]} 1-0

[Event "Copenhagen Chess Challenge 2"]
[Site "?"]
[Date "2015.05.03"]
[Round "9.11"]
[White "Brøndal, Paul"]
[Black "Olsen,2023, Michael Richard W."]
[Result "1/2-1/2"]
[BlackElo "2023"]
[WhiteElo "2103"]
[LiveChessVersion "1.4.6"]

1. c4 {[%clk 1:30:57]} d6 {[%clk 1:28:28]} 2. d4 {[%clk 1:31:19]} c5
{[%clk 1:28:24]} 3. dxc5 {[%clk 1:31:33]} Qa5+ {[%clk 1:28:45]} 4. Nc3
{[%clk 1:31:42]} Qxc5 {[%clk 1:28:57]} 5. e4 {[%clk 1:31:48]} e6 {[%clk 1:28:09]}
6. Be3 {[%clk 1:30:50]} Qa5 {[%clk 1:27:29]} 7. Qa4+ {[%clk 1:28:01]} Qxa4
{[%clk 1:27:52]} 8. Nxa4 {[%clk 1:28:26]} Nf6 {[%clk 1:27:25]} 9. Nc3
{[%clk 1:28:31]} a6 {[%clk 1:24:15]} 10. Be2 {[%clk 1:24:45]} Nbd7
{[%clk 1:24:12]} 11. Nf3 {[%clk 1:23:37]} Be7 {[%clk 1:23:58]} 12. O-O
{[%clk 1:23:42]} O-O {[%clk 1:22:47]} 13. Rfd1 {[%clk 1:21:01]} b6
{[%clk 1:21:20]} 14. Ne1 {[%clk 1:16:31]} Bb7 {[%clk 1:19:53]} 15. f3
{[%clk 1:16:47]} Rfc8 {[%clk 1:10:38]} 16. Rac1 {[%clk 1:15:11]} Bc6
{[%clk 1:02:47]} 17. Bf4 {[%clk 1:10:11]} e5 {[%clk 1:00:51]} 18. Be3
{[%clk 1:09:17]} Rcb8 {[%clk 0:56:35]} 19. Nd5 {[%clk 1:07:27]} Bf8
{[%clk 0:52:49]} 20. Nc2 {[%clk 1:04:11]} Bxd5 {[%clk 0:45:02]} 21. cxd5
{[%clk 1:04:15]} b5 {[%clk 0:45:17]} 22. Nb4 {[%clk 1:03:12]} a5 {[%clk 0:44:52]}
23. Nc6 {[%clk 1:02:41]} Rb7 {[%clk 0:45:15]} 24. Bd2 {[%clk 1:00:05]} b4
{[%clk 0:45:26]} 25. Be3 {[%clk 0:58:07]} Ne8 {[%clk 0:45:05]} 26. g3
{[%clk 0:53:32]} g6 {[%clk 0:45:10]} 27. Bf1 {[%clk 0:52:42]} f5 {[%clk 0:40:22]}
28. Bh3 1/2-1/2

[Event "Copenhagen Chess Challenge 2"]
[Site "?"]
[Date "2015.05.03"]
[Round "9.12"]
[White "Kyrkjebo,2074, Erlend"]
[Black "Skovgaard,2006, Ib"]
[Result "1-0"]
[BlackElo "2006"]
[WhiteElo "2074"]
[LiveChessVersion "1.4.6"]

1. e4 {[%clk 1:30:18]} Nf6 {[%clk 1:31:24]} 2. Nc3 {[%clk 1:30:25]} d5
{[%clk 1:31:51]} 3. e5 {[%clk 1:30:34]} Ne4 {[%clk 1:32:17]} 4. Nce2
{[%clk 1:29:59]} e6 {[%clk 1:32:13]} 5. d4 {[%clk 1:30:04]} f5 {[%clk 1:29:50]}
6. h4 {[%clk 1:18:03]} Be7 {[%clk 1:30:03]} 7. g3 {[%clk 1:07:45]} c5
{[%clk 1:30:02]} 8. f3 {[%clk 1:05:52]} Qa5+ {[%clk 1:30:28]} 9. c3
{[%clk 1:05:06]} cxd4 {[%clk 1:30:07]} 10. fxe4 {[%clk 1:02:51]} dxc3
{[%clk 1:30:01]} 11. Nxc3 {[%clk 1:01:03]} fxe4 {[%clk 1:28:00]} 12. Be3
{[%clk 0:49:31]} O-O {[%clk 1:24:06]} 13. Qa4 {[%clk 0:44:19]} Qxa4
{[%clk 1:19:36]} 14. Nxa4 {[%clk 0:44:43]} Bb4+ {[%clk 1:17:15]} 15. Nc3
{[%clk 0:39:58]} Nc6 {[%clk 1:12:04]} 16. a3 {[%clk 0:37:31]} Bxc3+
{[%clk 1:04:55]} 17. bxc3 {[%clk 0:37:50]} Nxe5 {[%clk 1:05:18]} 18. O-O-O
{[%clk 0:31:24]} Bd7 {[%clk 1:03:45]} 19. Be2 {[%clk 0:29:33]} Ba4
{[%clk 0:59:56]} 20. Rd4 {[%clk 0:27:17]} Bb3 {[%clk 0:57:01]} 21. Rb4
{[%clk 0:20:48]} Bc4 {[%clk 0:54:39]} 22. Rxb7 {[%clk 0:14:57]} Bxe2
{[%clk 0:44:38]} 23. Nxe2 {[%clk 0:15:04]} Rf3 {[%clk 0:44:57]} 24. Bd4
{[%clk 0:12:49]} Nd3+ {[%clk 0:45:08]} 25. Kd2 {[%clk 0:12:45]} e5
{[%clk 0:36:20]} 26. Be3 {[%clk 0:12:49]} Raf8 {[%clk 0:33:09]} 27. Rhb1
{[%clk 0:12:06]} Nf2 {[%clk 0:22:18]} 28. Rxa7 {[%clk 0:11:02]} d4
{[%clk 0:13:09]} 29. cxd4 {[%clk 0:10:04]} exd4 {[%clk 0:12:59]} 30. Nxd4
{[%clk 0:06:44]} Rxg3 {[%clk 0:12:24]} 31. Rbb7 {[%clk 0:05:28]} h6
{[%clk 0:11:07]} 32. Rxg7+ {[%clk 0:04:20]} Rxg7 {[%clk 0:11:20]} 33. Rxg7+
{[%clk 0:04:45]} Kxg7 {[%clk 0:11:32]} 34. Ne6+ {[%clk 0:05:06]} Kf7
{[%clk 0:09:04]} 35. Nxf8 {[%clk 0:05:28]} Nd3 {[%clk 0:07:48]} 36. Bxh6
{[%clk 0:04:08]} Ne5 {[%clk 0:08:11]} 37. a4 {[%clk 0:02:43]} Nf3+
{[%clk 0:04:38]} 38. Ke3 {[%clk 0:01:43]} Nxh4 {[%clk 0:04:35]} 39. Kxe4
{[%clk 0:01:51]} Ke8 {[%clk 0:04:32]} 40. a5 1-0